Quizzes
Events
Quiz Creation
Community
Videos
Private Events
Remove Ads
Sign In
Join for FREE
Feedback
Dark Mode
Quiz Categories
Sports
Geography
Music
Movies
Television
Just For Fun
Miscellaneous
History
Literature
Language
Science
Gaming
Entertainment
Religion
Holiday
For Kids
Quiz Lab
Recent
Popular Today
Quiz Kudos Today
Editor Picks
Curator Picks
Quizzes by...
Day
Popularity
Type
Ratings
Length
Year
Community
Subscriptions
Recent Discussions
Orange Saloon
Badges
Playlists
Quests
Create
Leaderboards
Showdown
Live 5
Trivia Bingo
Activity
Puzzle Library
Sporcle Events
Private Events
Virtual Trivia
Globe League
Become a Host
Pub Owners
SporcleCon
Opinionation
Our Games
Videos
Blog
Mobile Apps
Partnerships
Remove Ads and Go Orange
Feedback
Literature
Harry Potter
A Song of Ice and Fire
The Hunger Games
Literary Character
Shakespeare
Book
Author
Novel
Poem
Young Adult
Children's Books
Play
Lord of the Rings
Literature
Harry Potter
A Song of Ice and Fire
The Hunger Games
Literary Character
Shakespeare
Book
Author
Novel
Poem
Young Adult
Children's Books
Play
Lord of the Rings
Random Quiz
Search Sporcle
×
Quiz Lab
Quiz Lab
Literature
Harry Potter
Type in answers that appear in a list
Type in answers that appear in a list
Classic
Best Score? Go Orange.
Harry Potter name link Stats
Can you name the Harry Potter name link?
By
abcdefggfedcba
10m
13 Questions
176 Plays
176 Plays
176 Plays
Comments
Comments
Give Quiz Kudos
Give Quiz Kudos
-
- Ratings
hide this ad
Replay
Link that replays current quiz
Next Quiz
Link to next quiz in quiz playlist
You Got
0%
They Got
Avg Score
81%
Avg Friend Score
Upgrade to see
Score Distribution
Jump to the score distribution portion of the page
Score
0/13
Timer
10:00
0
Plays Today
Clue
Character
% Correct
Main Character
Harry Potter
100%
Whose bestfriend is?
Ron Weasley
98.3%
Who ends up marrying?
Hermione Granger
97.2%
Who is rather smitten with which professor?
Gilderoy Lockhart
80.7%
Who marries...?
Fleur Delacour
79.5%
This mum also likes that professor?
Molly Weasley
79%
Who's husband is...?
Arthur Weasley
79%
Harry think's it was this professor trying to steal the philosophers stone, not quirrell.
Severus Snape
79%
Who's eldest son is....?
Bill Weasley
78.4%
This professor like her at first sight.
Rubeus Hagrid
73.9%
This professor gives him a dragon egg.
Quirinus Quirrell
72.2%
Who's Sister is...?
Gabrielle Delacour
71.6%
Who's Headteacher is...?
Olympe Maxime
70.5%
Quiz Playlist
Details
Report
Send in Message
Add To Playlist
Classic:
Type in answers that appear in a list
Last Updated: Feb 16, 2017
Quiz Scoreboard
CHALLENGE
Sign Up to Join the Scoreboard
Show All
Scores
Hide
Comments
May contain spoilers
Recently Published
NBA Finals Game Top Scorers (2010s)
by flibbidy
Sports
5m
Guess the 'R' Things in 3 Words
by MSUKent
Miscellaneous
3m
Actor to Badly Drawn Movie III
by MoMosMoProblems
Movies
5m
More to Explore
Quiz From the Vault
Featured Blog Post
Where Does Lost Luggage Go?
hide this ad
You Might Also Like...
Tags
Harry Potter Quiz
Character
link
Today's Top Quizzes in Literature
Browse Literature
hide this ad
Today's Top Quizzes in Harry Potter
Browse Harry Potter
Top Contributed Quizzes in Literature
1
3-Word Books in 1 Word II
2
Mad Scientists in Literature
3
Image Sorting: Children's Book Characters
4
Pick 3: Harry Potter Hogwarts Quidditch Players
5
HP Logic Puzzle: 'Eyes green as fresh-picked toads...'
6
Harry Potter Logic Quiz New
7
Quick Pick: Margaret Atwood Novels
8
Quick Pick: Literary Title Characters 1
9
Literature Missing Word Rainbow
10
Sneaky Slytherin Logic Puzzle
Explore More
Trending Topics
Kpop
Anime
Crossword
Marvel
NBA
Disney
Harry Potter
WWE
NFL
Song
Pokémon
Puzzle
The Office
Soccer
Country
hide this ad
More By:
abcdefggfedcba
Quiz
Plays
Rating
Category
Featured
Created
Every Katy Perry song
526
5.00
Music
Jan 31, 2015
BAFTA Award for Best Actor in a Leading Role
233
4.50
Movies
Feb 14, 2012
Florence + the Machine songs
212
5.00
Music
Feb 14, 2012
Star Wars Actors
200
2.33
Movies
Feb 15, 2012
Harry Potter name link
176
3.00
Literature
Dec 8, 2011
Go to Creator's Profile
Score Distribution
Quiz Creator Spotlight
abcdefggfedcba
Follow
Send a Message
Quizzes Created
-
Created Quiz Play Count
-
More By This Creator
Popular Quizzes Today
1
Find the US States - No Outlines Minefield
2
Find the US States
3
The Countries of the World
4
10 Largest US States in Order
5
Find the Countries of Europe - No Outlines Minefield
6
US States
7
Guess the 'R' Things in 3 Words
8
NBA Finals Game Top Scorers (2010s)
More Literature Quizzes
Book Series: First, Last, or Neither?
Published
Trending Quizzes
First Name TV: Leading Men
First Name TV: Leading Women Drama
Match the Book to the Film II
3-Word Movies in 1 Word II
Match the Book to the Film VI
Recently Updated
Women's Final Four Teams by Year
bhenderson79
Presidents Quartet II
eogle
Anything But Clue(do)
eogle
Anything But Oceanian Capitals
eogle
Anything But 7
eogle
Anything But Thing
eogle
Word Ladder: February 29
pecheneg
Song Title Questions
pecheneg
Women's NCAA Tournament #1 Seeds
pecheneg
Celebrity Mug Shots
pecheneg
Trending Topics
Disney
Crossword
Kpop
Harry Potter
Marvel
Anime
NBA
Puzzle
Soccer
WWE
The Office
Country
NFL
Song
Pokémon
Your Account Isn't Verified!
In order to create a playlist on Sporcle, you need to verify the email address you used during registration. Go to your
Sporcle Settings
to finish the process.
Report this User
Report this user for behavior that violates our
Community Guidelines
.
Details:
Send Report
Go to the Sporcle.com Mobile Site →
Comments